000 00446nam a2200181Ia 4500
001 17089
005 20260306170359.0
008 260306t1996||||xx |||||||||||||| ||und||
041 _aESP
082 _a657.45
_bS52
100 _aSierra Molina, Guillermo J.
_eAUT
245 0 _aTeoría de la auditoría financiera
260 _c1996
300 _axvi, 303 páginas :
_c23 cm.
650 _aGEN
654 _aCCO
942 _cLIB
_dJUS
_fJUS
_2ddc
_n
999 _c17089
_d17089